Countries of Europe without a map - Statistics

General Stats
  • This quiz has been taken 1,095 times
    1,081 since last reset
  • The average score is 41 of 45
Answer Stats
Hint Answer % Correct
Country United Kingdom
98%
Country Sweden
96%
Country Finland
95%
Country Germany
95%
Country Spain
95%
Country France
94%
Country Ireland
94%
Country Norway
94%
Country Portugal
94%
Country Russia
93%
Country Belgium
92%
Country Estonia
92%
Country Netherlands
92%
Country Poland
92%
Country Denmark
91%
Country Greece
91%
Country Italy
91%
Country Latvia
91%
Country Lithuania
91%
Country Luxembourg
91%
Country Serbia
91%
Country Slovakia
91%
Country Vatican City
91%
Country Albania
90%
Country Andorra
90%
Country Austria
90%
Country Iceland
90%
Country Slovenia
90%
Country Ukraine
90%
Country Belarus
89%
Country Hungary
89%
Country Liechtenstein
89%
Country Croatia
88%
Country Czech Republic
88%
Country Romania
88%
Country San Marino
88%
Country Switzerland
88%
Country Bosnia & Herzegovina
87%
Country Bulgaria
87%
Country Kosovo
86%
Country Moldova
85%
Country Monaco
85%
Country Montenegro
85%
Country North Macedonia
85%
Country Malta
82%
No matching quizzes found
Score Distribution
Percent of People with Each Score
Percentile by Number Answered
Your Score History
You have not taken this quiz since the last reset